| 000 | 00537nam a2200193Ia 4500 | ||
|---|---|---|---|
| 008 | 140316s9999 xx 000 0 und d | ||
| 020 | _a9780521716550 | ||
| 082 |
_a333.95 _bSLO/BI |
||
| 100 | _aSlootweg,Roel | ||
| 245 | _aBiodiversity in Environmental Assessment | ||
| 260 |
_aNew York _bCambridge University Press _c2010 |
||
| 300 | _a397 | ||
| 650 | _aBiodiversity conservation | ||
| 650 | _aEnvironmental monitoring | ||
| 700 | _aKolhoff ,Arend | ||
| 700 | _aMathur ,Vinod .B | ||
| 700 | _aRajvanshi,Asha | ||
| 942 |
_2ddc _cBK |
||
| 999 |
_c11846 _d11846 |
||